| 000 | 004150000a22001690004500 | ||
|---|---|---|---|
| 003 | MACL | ||
| 005 | 20160108161355.0 | ||
| 008 | 160108b xxu||||| |||| 00| 0 eng d | ||
| 040 |
_aMACL _cMACL |
||
| 041 | _aEnglish | ||
| 082 | _a920/FIE | ||
| 100 |
_aFielding, Henry _928248 |
||
| 245 | _aJoseph Andrews | ||
| 260 |
_bJ M Dent & Sons LTD _c1952 _aLondon |
||
| 650 |
_aBiography _929991 |
||
| 942 |
_cBK _k920/fie _2ddc |
||
| 999 |
_c34291 _d34291 |
||